【乃木坂46】オリメンからどのユニット楽曲か当てるクイズ - Statistics

General Stats
  • This quiz has been taken 22 times
  • The average score is 19 of 50
Answer Stats
メンバー 曲名 % Correct
遠藤さくら、賀喜遥香、北川悠理、林瑠奈、弓木奈於 アトノマツリ
72%
白石麻衣、橋本奈々未 孤独兄弟
72%
齋藤飛鳥、梅澤美波、山下美月 ファンタスティック3色パン
72%
大園桃子、久保史緒里、山下美月、与田祐希 言霊砲
67%
若月佑美、梅澤美波、阪口珠美、山下美月 失恋お掃除人
67%
久保史緒里、阪口珠美、中村麗乃、遠藤さくら、賀喜遥香、金川紗耶、北川悠理、佐藤璃果 価値あるもの
67%
遠藤さくら、金川紗耶、一ノ瀬美空、小川彩 キスのシルエット
61%
吉田綾乃クリスティー、田村真佑、松尾美佑、一ノ瀬美空、井上和 君と猫
56%
生田絵梨花、久保史緒里、賀喜遥香 やさしいだけなら
50%
山下美月、賀喜遥香、菅原咲月 スタイリッシュ
50%
伊藤理々杏、岩本蓮加、賀喜遥香、田村真佑、池田瑛紗、井上和 あの光
50%
遠藤さくら、井上和 黄昏はいつも
44%
岩本蓮加、筒井あやめ、小川彩 涙の滑り台
44%
梅澤美波、山下美月、与田祐希、金川紗耶、田村真佑 銭湯ラプソディー
44%
白石麻衣、西野七瀬 心のモノローグ
44%
伊藤万理華、齋藤飛鳥、西野七瀬 Another Ghost
44%
田村真佑、筒井あやめ、池田瑛紗、一ノ瀬美空、冨里奈央 ぶんぶくちゃがま
39%
齋藤飛鳥、和田まあや、久保史緒里、山下美月、遠藤さくら、筒井あやめ 泥だらけ
39%
梅澤美波、賀喜遥香、池田瑛紗、菅原咲月 世界一のダイヤモンド
39%
岩本蓮加、大園桃子、久保史緒里、阪口珠美、与田祐希 平行線
39%
齋藤飛鳥、大園桃子、与田祐希 地球が丸いなら
39%
伊藤純奈、佐々木琴子、鈴木絢音、寺田蘭世、山崎怜奈、渡辺みり愛 ボーダー
39%
柴田柚菜、松尾美佑、小川彩、奥田いろは、菅原咲月、冨里奈央、中西アルノ 命の冒涜
39%
五百城茉央、奥田いろは サルビアの花を覚えているかい?
33%
生田絵梨花、桜井玲香、久保史緒里 ぼっち党
33%
生田絵梨花、中元日芽香、西野七瀬、能條愛未、橋本奈々未、松村沙友里、若月佑美 やさしさとは
33%
伊藤理々杏、久保史緒里、中村麗乃、柴田柚菜、林瑠奈 甘いエビデンス
33%
白石麻衣、松村沙友里 流星ディスコティック
33%
梅澤美波、中村麗乃、早川聖来、松尾美佑 もしも心が透明なら
33%
秋元真夏、生田絵梨花、齋藤飛鳥、松村沙友里、久保史緒里、与田祐希、 遠藤さくら、賀喜遥香 サヨナラ Stay with me
33%
衛藤美彩、斉藤優里、新内眞衣 醜い私
28%
齋藤飛鳥、星野みなみ 制服を脱いでサヨナラを...
28%
伊藤理々杏、向井葉月、林瑠奈、松尾美佑、矢久保美緒 夢を見る筋肉
28%
佐藤楓、遠藤さくら、筒井あやめ、岡本姫奈 夕陽は何色か?
28%
梅澤美波、松尾美佑、五百城茉央 助手席をずっと空けていた
28%
北野日奈子、堀未央奈、渡辺みり愛 ゴルゴンゾーラ
28%
衛藤美彩、川村真洋、桜井玲香、白石麻衣、高山一実 私のために 誰かのために
22%
安藤美雲、川後陽菜、齋藤飛鳥、中元日芽香、畠中清羅、樋口日奈、和田まあや 海流の島よ
22%
生田絵梨花、川後陽菜、齋藤飛鳥、斎藤ちはる、中元日芽香、樋口日奈、星野みなみ、和田まあや、北野日奈子、堀未央奈 私、起きる。
22%
齋藤飛鳥、星野みなみ、山下美月、与田祐希 知りたいこと
22%
生駒里奈、井上小百合、星野みなみ、堀未央奈 当たり障りのない話
22%
生駒里奈、井上小百合、斉藤優里、桜井玲香、西野七瀬、星野みなみ、若月佑美、堀未央奈 無口なライオン
22%
伊藤万理華、井上小百合 行くあてのない僕たち
22%
秋元真夏、衛藤美彩、白石麻衣、高山一実、橋本奈々未、深川麻衣、松村沙友里、大和里菜、松井玲奈 その先の出口
22%
市来玲奈、井上小百合、齋藤飛鳥、高山一実、西野七瀬、能條愛未、深川麻衣、若月佑美 やさしさなら間に合ってる
22%
梅澤美波、中村麗乃、田村真佑、弓木奈於 お別れタコス
17%
中元日芽香、能條愛未 失恋したら、顔を洗え!
17%
秋元真夏、伊藤寧々、井上小百合、桜井玲香、中田花奈、永島聖羅、西野七瀬、若月佑美 サイコキネシスの可能性
17%
生田絵梨花、白石麻衣、松村沙友里 ショパンの嘘つき
17%
星野みなみ、北野日奈子、鈴木絢音、堀未央奈、渡辺みり愛 Am I Loving?
17%
No matching quizzes found
Score Distribution
Percent of People with Each Score
Percentile by Number Answered
Your Score History
You have not taken this quiz